Pokémon - Les attaques de Archéodong - Statistiques

Statistiques générales
  • Ce quiz a été pris 27 fois
  • Le résultat moyen est 10 sur 17
Statistiques - réponses
Niveaux Types Noms des attaques % Correct
Niveau 38 Acier Mur de Fer
100%
Niveau 16 Acier Gyroballe
92%
Départ Normal Charge
85%
Niveau 56 Eau Danse Pluie
85%
Niveau 28 Psy Extrasenseur
85%
Départ Feu Zénith
85%
Départ Psy Choc Mental
77%
Départ Spectre Onde Folie
62%
Niveau 50 Psy Prescience
62%
Niveau 44 Acier Strido-Son
62%
Niveau 32 Acier Tacle Lourd
62%
Niveau 12 Psy Possessif
46%
Départ Ténèbres Représailles
46%
Départ Évolution Normal Barrage
38%
Niveau 20 Psy Hypnose
31%
Niveau 24 Normal Rune Protect
15%
Départ Normal Ball'Météo
8%
Aucun quiz correspondant
Distribution des résultats
% des personnes avec chaque résultat
Percentile par nombre de réponses
Votre historique - résultats
Vous n’avez pas pris ce quiz